Sporting Superlatives - Statistics

General Stats
  • This quiz has been taken 21 times
    16 since last reset
  • The average score is 8 of 15
Answer Stats
Hint Answer % Correct
Most FIFA World Cups (Country) Brazil
93%
Fastest 100m Sprint (Male) (9.58) Usain Bolt
93%
Most Olympic Medals (28) Michael Phelps
86%
Most Male Tennis Grand Slams (18) Roger Federer
79%
Country With Most Winter Olympic Gold Medals (118) Norway
71%
Most MLB Championships Won (Team), (27) New York Yankees
50%
Most Monaco Grand Prix Wins (Driver) (6) Ayrton Senna
43%
Most FIFA World Cup Goals Scored (16) Miroslav Klose
43%
Most Touchdowns In A Single Season (55) Peyton Manning
43%
Longest Combined Reign As Heavyweight Champion (4383 days) Wladimir Klitschko
43%
Most Premier League Goals (260) Alan Shearer
36%
Most Monaco Grand Prix Wins (Constructor) (15) McLaren
36%
Most Home Runs Hit During A Career (762) Barry Bonds
29%
Fastest 100m Sprint (Female) (10.49) Florence Griffith-Joyner
29%
Most Individual Runs Scored In A Test Match Innings (400) Brian Lara
14%
No matching quizzes found
Score Distribution
Percent of People with Each Score
Percentile by Number Answered
Your Score History
You have not taken this quiz since the last reset